| 000 | 01949nam a22002657a 4500 | ||
|---|---|---|---|
| 999 |
_c57106 _d57106 |
||
| 003 | Ge_BSU | ||
| 005 | 20191119150321.0 | ||
| 008 | 191119s2017 ge ||||| |||| 00| 0 geo d | ||
| 020 | _a9789941274276 | ||
| 041 | _ageo | ||
| 080 | _a27-788(=353.1)(495) ჭ-83 | ||
| 100 |
_aჭუმბურიძე, ზვიად. _989 |
||
| 245 |
_aათონი : პატრიარქის გაზაფხული : _b[საქართველოს კათოლიკოს-პატრიარქის ილია II-ის ვიზიტი ათონის მთაზე] / _cზვიად ჭუმბურიძე ; რედ.ელზა ნაბახტეველი ; თარგმ. ქეთევან მამულაშვილი ; ანი უძილაური ; დიზ. ნიკოლოზ ბაგრატიონი. |
||
| 264 |
_aთბილისი : _bშპს( "სეზანი"), _c2017. |
||
| 300 |
_a88 გვ. : _bფოტ. ; _c30 სმ. |
||
| 500 | _aფოტომასალა ზვიად ჭუმბურიძის არქივიდან | ||
| 520 | _aრეზიუმე ინგლ. და ბერძნ. ენებზე | ||
| 653 | _aილია II (შიოლაშვილი, ი.), კათოლიკოს-პატრიარქი, 1933 ათონის ივერიის მონასტერი. | ||
| 653 | _aრელიგია | ||
| 700 |
_aნაბახტეველი, ელზა _eრედაქტორი _95442 |
||
| 700 |
_aმამულაშვილი, ქეთევან _eთარგმანი ინგლისური _992 |
||
| 700 |
_aუძილაური, ანი _eთარგმანი ბერძნული _95443 |
||
| 700 |
_aბაგრატიონი, ნიკოლოზ _eდიზაინერი _95444 |
||
| 942 |
_2udc _cBK |
||